000 00630nam a2200241 a 4500
005 20210219153342.0
008 991125n 000 0 u
035 _aUPN01000093301
100 _aRampal, Anita
222 _aINTERCHANGE
245 _aA possible "orality" for science?
300 _a227-244
362 _a23, No. 3, 1992
505 _aAbril 1993
653 0 _aANALISIS DEL DISCURSO
653 0 _aCOMUNICACION EN EL AULA
653 0 _aCOMUNICACION HABLADA
653 0 _aEDUCACION CIENTIFICA
653 0 _aINFLUENCIAS CULTURALES
653 0 _aVOCABULARIO
904 _aAC
_b031112
905 _aArticulo
999 _c74634
_d74634